000 01144nam a22002297a 4500
005 20100716115034.0
008 100716t xxu||||| |||| 00| 0 hin d
010 _aHIN-89693
020 _a9788176752350
_c500.00
035 _aHN-62039
037 _bDBAD / PUB
040 _aDPL
_bHN
082 _a920
100 _aधर्मदेव विद्यार्थी
_926209
245 _aआर्य समाज का इतिहासः
_cधर्मदेव विद्यार्थी
_bविशेष संदर्भ हरियाणा /
246 _aArya Smaj ka Itihaas: Vishesh Sandarbh Haryana
_bby Dharmdev Vidyaarthi
260 _aपंचकूला
_bआधार प्रकाशन
_c2010
270 _aएस.सी.एफ.267, सेक्टर-16
_bपंचकूला
_e134113(हरियाणा)
_maadhar_prakashan@yahoo.com
300 _a288पृ
_c22सेमी (सजिल्द)
942 _2ddc
_cHN
_mधर्मदे
_h920
999 _c36996
_d36996